Thần thoại Hy Lạp

সংরক্ষণ করুন:
গ্রন্থ-পঞ্জীর বিবরন
প্রধান লেখক: Thần thoại Hy Lạp
বিন্যাস: গ্রন্থ
ভাষা:Undetermined
প্রকাশিত: Văn nghệ Tp HCM 2002
ট্যাগগুলো: ট্যাগ যুক্ত করুন
কোনো ট্যাগ নেই, প্রথমজন হিসাবে ট্যাগ করুন!
Thư viện lưu trữ: Trung tâm Học liệu Trường Đại học Cần Thơ
LEADER 00435nam a2200145Ia 4500
001 CTU_48735
008 210402s9999 xx 000 0 und d
082 |a 398.20938 
082 |b Tr527 
100 |a Thần thoại Hy Lạp 
245 0 |a Thần thoại Hy Lạp 
245 0 |c Thần thoại Hy Lạp, Huỳnh Phan Anh 
260 |b Văn nghệ Tp HCM 
260 |c 2002 
980 |a Trung tâm Học liệu Trường Đại học Cần Thơ